Statistics for Homophones - Letter A

Click here to take the quiz!

General Stats

  • This quiz has been taken 76 times
  • The average score is 12 of 20

Answer Stats

WordHomophone% Correct
AteEight
91%
ArcArk
90%
AddAd
88%
AntAunt
81%
ApposeOppose
81%
AuralOral
81%
AughtOught
81%
AuricleOracle
72%
AyeEye
70%
ActsAxe
69%
AdmittantsAdmittance
64%
AirlessHeirless
57%
AuksOx
52%
AscentAssent
49%
AwayAweigh
45%
AppendUppend
43%
AwedOdd
40%
AdoAdieu
31%
AiryAerie
31%
ArrowAero
18%

Score Distribution

Percentile by Number Answered

Percent of People with Each Score

Your Score History

You have not taken this quiz